000 00848cam a2200253 i 4500
001 81918
003 BD-RjUL
005 20230914145135.0
008 220131s1966 p ah b 000 1 urd
035 _a(BD-RjUL)81918
037 _c15.00 USD
040 _aDLC
_beng
_erda
_cDLC
041 _aurd
082 _223
_a954.025
_bBEK 1966
100 _aBetalovi, Sbhan Ray
_98981
245 1 0 _aخلاصة التواريخ ;; Khulāṣat al-tawārīkh /
_cNazir Hassan Zaidi ; Sbhan Ray betalovi ; ; سبحان رائے بٹالوی ؛ ناظر حسن زيدي
250 _aal-Ṭabʻah al-ūlá.
264 1 _aLahore :
_bMarkaj urdu ,,
_c1966
300 _a711 pages :
_c24 cm.
504 _aIncludes bibliographical references.
650 0 _aEmpire moghol
_98982
_xHistory
_y1000-1765
700 _aZaidi ; Nazir Hassan
_98983
942 _2ddc
_cBK
999 _c81918
_d81918